Compendio de las barreras comerciales aplicadas por países industrializados a la exportaciones regionales

Salvato in:
Dettagli Bibliografici
Natura: testo
Soggetti:
Tags: Aggiungi Tag
Nessun Tag, puoi essere il primo ad aggiungerne!!

MARC

LEADER 00000 a a2200000 04500
001 2486
003
040
245 |a Compendio de las barreras comerciales aplicadas por países industrializados a la exportaciones regionales  
500 |a Resumen de los capítulos 2 y 3 del documento de igual nombre (SP/CL/XX:O/DT n. 4) presentado al XX Consejo Latinoamericano del SELA, México 30 mayo-3 junio 1994  
650 |a BARRERAS COMERCIALES  
650 |a ARANCELES  
650 |a BARRERAS NO ARANCELARIAS  
650 |a SUBSIDIO A LAS EXPORTACIONES  
650 |a PROPIEDAD INTELECTUAL  
773 |g número 39; páginas 38-57  
999 |c 24573  |d 24573